Los templos visigótico-románicos de Tarrasa (Record no. 9269)

MARC details
000 -LEADER
campo de control de longitud fija 01007nam a2200277 i 4500
001 - NÚMERO DE CONTROL
campo de control 9269
003 - IDENTIFICADOR DE NÚMERO DE CONTROL
campo de control ES-MaACL
005 - FECHA Y HORA DE LA ÚLTIMA TRANSACCIÓN
campo de control 20260215063012.0
007 - CAMPO FIJO DE DESCRIPCIÓN FÍSICA--INFORMACIÓN GENERAL
campo de control de longitud fija t|
008 - DATOS DE LONGITUD FIJA--INFORMACIÓN GENERAL
campo de control de longitud fija 930603s1976 sp a |||| | spa d
020 ## - NÚMERO INTERNACIONAL ESTÁNDAR DEL LIBRO
Número Internacional Estándar del Libro 84-276-0338-X
080 ## - NÚMERO DE LA CLASIFICACIÓN DECIMAL UNIVERSAL
Número de la Clasificación Decimal Universal 7(467.11 Terrassa)
100 1# - ENTRADA PRINCIPAL--NOMBRE DE PERSONA
Nombre de persona Ainaud de Lasarte, Joan,
Fechas asociadas al nombre 1919-1995
9 (RLIN) 18980
245 14 - MENCIÓN DEL TÍTULO
Título Los templos visigótico-románicos de Tarrasa
Resto del título : monumento nacional /
Mención de responsabilidad, etc. [texto de Juan Ainaud de Lasarte ; prólogo de Francisco Torrella Niubó].
260 ## - PUBLICACIÓN, DISTRIBUCIÓN, ETC.
Lugar de publicación, distribución, etc. Madrid :
Nombre del editor, distribuidor, etc. Editora Nacional,
Fecha de publicación, distribución, etc. D.L. 1976.
300 ## - DESCRIPCIÓN FÍSICA
Extensión 166 p. :
Otras características físicas il. col. y n. ;
Dimensiones 32 cm.
490 1# - MENCIÓN DE SERIE
Mención de serie Sello de arte
500 ## - NOTA GENERAL
Nota general Texto en castellano y catalán.
500 ## - NOTA GENERAL
Nota general Bibliografía: p. 160-163.
650 14 - PUNTO DE ACCESO ADICIONAL DE MATERIA--TÉRMINO DE MATERIA
Término de materia o nombre geográfico como elemento de entrada Arquitectura románica-
Subdivisión geográfica Cataluña.
9 (RLIN) 151046
650 #4 - PUNTO DE ACCESO ADICIONAL DE MATERIA--TÉRMINO DE MATERIA
Término de materia o nombre geográfico como elemento de entrada Iglesias-
Subdivisión geográfica Barcelona (Provincia)
9 (RLIN) 151047
700 1# - ENTRADA AGREGADA--NOMBRE PERSONAL
Nombre de persona Torrella Niubó, F.
9 (RLIN) 110818
830 0# - PUNTO DE ACCESO ADICIONAL DE SERIE-TÍTULO UNIFORME
Título uniforme Sello de arte
9 (RLIN) 228031
852 ## - LOCALIZACIÓN
Ubicación ES-MaACL
Número de control de estantería L-16442
Nota libre . - Ejemplar dedicado
Holdings
Estatus retirado Estado de pérdida Estado de daño No para préstamo Biblioteca de origen Biblioteca actual Ubicación en estantería Fecha de adquisición Fuente de adquisición Total de préstamos Signatura topográfica completa Código de barras Visto por última vez Precio de reemplazo Tipo de ítem Koha
        Biblioteca del Ateneo de Madrid Biblioteca del Ateneo de Madrid Depósito 2 17/01/2008     L-16442 1009458 23/02/2023 23/02/2023 Libro impreso